Bush fighting (Record no. 552843)
[ view plain ]
| 000 -LEADER | |
|---|---|
| fixed length control field | 00604nam a2200157Ka 4500 |
| 082 ## - DEWEY DECIMAL CLASSIFICATION NUMBER | |
| Classification number | 993.01 |
| Author Mark | ALE |
| -- | D |
| 100 1# - MAIN ENTRY--PERSONAL NAME | |
| Personal name | Alexander, James Edward, |
| 9 (RLIN) | 50099 |
| 245 10 - TITLE STATEMENT | |
| Title | Bush fighting |
| Remainder of title | illustrated by remarkable actions and incidents of the Maori war in New Zealand / |
| Statement of responsibility, etc. | by James Edw. Alexander. |
| 260 ## - PUBLICATION, DISTRIBUTION, ETC. | |
| Place of publication, distribution, etc. | London : |
| Name of publisher, distributor, etc. | Low, Marston, Low and Searle, |
| Date of publication, distribution, etc. | 1873. |
| 300 ## - PHYSICAL DESCRIPTION | |
| Extent | 326 p. : |
| Other physical details | ill. ; |
| Dimensions | 22 cm. |
| 526 ## - STUDY PROGRAM INFORMATION NOTE | |
| Program name | 0 |
| Interest level | 0 |
| Reading level | 0 |
| Title point value | 993_010000000000000_ALE |
| 650 #0 - SUBJECT ADDED ENTRY--TOPICAL TERM | |
| Topical term or geographic name entry element | Maori (New Zealand people) |
| 9 (RLIN) | 50100 |
| 650 #0 - SUBJECT ADDED ENTRY--TOPICAL TERM | |
| Topical term or geographic name entry element | MCE |
| 9 (RLIN) | 379 |
| 856 40 - ELECTRONIC LOCATION AND ACCESS | |
| Uniform Resource Identifier | <a href="http://catalog.hathitrust.org/api/volumes/oclc/12561757.html">http://catalog.hathitrust.org/api/volumes/oclc/12561757.html</a> |
| 942 ## - ADDED ENTRY ELEMENTS (KOHA) | |
| Source of classification or shelving scheme | |
| Koha item type | Book |
| Withdrawn status | Lost status | Source of classification or shelving scheme | Damaged status | Not for loan | Permanent Location | Current Location | Shelving location | Date acquired | Total Checkouts | Full call number | Barcode | Date last seen | Price effective from | Koha item type |
|---|---|---|---|---|---|---|---|---|---|---|---|---|---|---|
| Military College of Engineering (MCE) | Military College of Engineering (MCE) | 01/23/2015 | 993.01 ALE | MCE-ECB/35 | 01/23/2015 | 01/23/2015 | Book |
